000 00753 a2200217 4500
001 29747
005 20260407155608.0
008 260407a1985 arg spa d
003 AR-UNSa-BCEJYS
040 _aAR-UNSa-BCEJYS
_bspa
_cAR-UNSa-BCEJYS
080 _a657.372.2
_xEvaluación (revaluo)
245 1 0 _aMoneda Constante
020 _a950-9109-28-2
264 1 _aBuenos Aires :
_bTesis
_c1985
300 _axxii, 560 p.
_c23 cm.
505 _aParte I: El marco de referencia - Parte II: Metodología general de la RT16 - Parte III: Aspectos particulares de la RT16 - Parte IV: Ejercitación y aplicación de la norma.
942 _cBK
590 _aniveau_biblio:m niveau_hierar:0
100 1 _aGarcía, Sergio O.
700 1 _aMattera, Miguel A.
999 _c1951
_d1951